| 000 | 01459nam a2200277 4500 | ||
|---|---|---|---|
| 999 |
_c63393 _d63393 |
||
| 005 | 20240530110638.0 | ||
| 008 | 171004s2016 ua g b 000 0dara d | ||
| 017 |
_a2015/7948 _bمصر. دار الكتب |
||
| 020 | _a9789777352536 | ||
| 040 |
_aEG-CaGPL _cEG-CaGPL |
||
| 082 | 0 | 4 |
_221 _a939.49/ _bأ أ |
| 100 | 0 | _aاحمد عبدالباسط حسن | |
| 245 | 1 | 0 |
_aاربع دراسات اولية فى تاريخ سكان الجزيرة (العربية) القديم : _bاصول سكان الجزيرة - لغات سكان الجزيرة وكتابتهم - عصر البطولة فى تاريخ البدو العرب القديم - التزمين التاريخى لسكان الجزيرة فى العصور القديم / _cاحمد عبدالباسط حسن |
| 250 |
_aط. 2 _bمنقحة ومعدلة ومضاف اليها |
||
| 260 |
_aالاسكندرية : _bدار الوفاء لدنيا الطباعة و النشر ، _c2016. |
||
| 300 |
_a376 ص.؛ _c24 سم. |
||
| 504 | _aيشتمل على ارجاعات ببليوجرافية | ||
| 650 | 0 | 7 |
_2qrmak _aالانساب والاعراق |
| 650 | 0 | 7 |
_2qrmak _aالبدو |
| 650 | 0 | 7 |
_2qrmak _aالقبائل العربية |
| 650 | 0 | 7 |
_2qrmak _aالجاهلية |
| 651 | 0 | 7 |
_2qrmak _aشبة الجزيرة العربية _xتاريخ |
| 651 | 0 | 7 |
_2qrmak _aالعالم العربى _xتاريخ _yالعصر الجاهلى |
| 942 |
_2ddc _cBK |
||